000 00438nam a22001577a 4500
005 20251108171246.0
008 250721s1982 xx 000 0 ara d
082 1 4 _a211/غان
100 1 _aالحمد، غانم قدري
245 1 0 _aرسم المصحف :
_bدراسة لغوية تاريخية /
264 1 _aبغداد :
_c1982.
300 _a822ص
650 1 7 _aالقرآن الكريم
942 _2ddc
_cBK
999 _c60656
_d60656